| 000 | 00688nam a2200229 4500 | ||
|---|---|---|---|
| 003 | OSt | ||
| 005 | 20260530115301.0 | ||
| 008 | 260507b |||||||| |||| 00| 0 eng d | ||
| 020 | _a0811818721 | ||
| 040 |
_aICI _bspa _cICI |
||
| 050 |
_aNK2115.5C6 _bB53 |
||
| 100 | 1 |
_aBlake, Jill, _931279 |
|
| 245 | 1 | 0 |
_a The Color book / _ctext Jill Blake ; photography Martin Chaffer |
| 264 | 1 |
_a San Francisco, CA : _bChronicle Books, _c 1997 |
|
| 300 | _a102 pƔginas | ||
| 336 |
_atexto _2rdacontent |
||
| 337 |
_asin medio _2rdamedia |
||
| 338 |
_avolumen _2rdacarrier |
||
| 650 | _2 Color en decoración de interiores | ||
| 700 |
_a Chaffer, Martin, _eilustrador _931280 |
||
| 942 |
_2lcc _cBK _n1 |
||
| 999 |
_c12868 _d12868 |
||